Del Instituto Provincial de 2ª Enseñanza al Instituto General y Técnico : (Record no. 162928)

MARC details
000 -LEADER
campo de control de longitud fija 01113nam a22002295i 4500
001 - NÚMERO DE CONTROL
campo de control 162928
003 - IDENTIFICADOR DE NÚMERO DE CONTROL
campo de control ES-MaACL
005 - FECHA Y HORA DE LA ÚLTIMA TRANSACCIÓN
campo de control 20240201133420.0
008 - DATOS DE LONGITUD FIJA--INFORMACIÓN GENERAL
campo de control de longitud fija 140908s2010 sp |||| | spa d
080 ## - NÚMERO DE LA CLASIFICACIÓN DECIMAL UNIVERSAL
Número de la Clasificación Decimal Universal 373.5(460.183 P.)(091)
245 00 - MENCIÓN DEL TÍTULO
Título Del Instituto Provincial de 2ª Enseñanza al Instituto General y Técnico :
Resto del título una visión histórica a través de sus documentos, Palencia (1845-1923). /
Mención de responsabilidad, etc. J. Coria (coord.).
260 ## - PUBLICACIÓN, DISTRIBUCIÓN, ETC.
Lugar de publicación, distribución, etc. [Palencia] :
Nombre del editor, distribuidor, etc. I.E.S. Jorge Manrique,
Fecha de publicación, distribución, etc. D.L. 2010.
300 ## - DESCRIPCIÓN FÍSICA
Extensión 2 v. :
Otras características físicas il. ;
Dimensiones 32 cm.
505 8# - NOTA DE CONTENIDO CON FORMATO
Nota de contenido con formato Contiene: V. I: El edificio, los profesores -- V. II: Los alumnos, los dependientes.
610 24 - PUNTO DE ACCESO ADICIONAL DE MATERIA--NOMBRE DE ENTIDAD CORPORATIVA
Nombre de entidad corporativa o nombre de jurisdicción como elemento de entrada Instituto de Educación Secundaria Jorge Manrique (Palencia)-
Subdivisión de forma Historia.
9 (RLIN) 155424
700 1# - ENTRADA AGREGADA--NOMBRE PERSONAL
Nombre de persona Coria Colino, Jesús I. (
Fechas asociadas al nombre 1954-)
9 (RLIN) 155425
852 ## - LOCALIZACIÓN
Ubicación ES-MaACL
Número de control de estantería A-13230
Designación de la unidad física v.1
itemnumber 1069074
Sublocalización o colección R.150065
Ubicación en estantería Depósito 1
Signatura antigua Olim: N-6230
Donativo/Legado Donación: Carlos París
852 ## - LOCALIZACIÓN
Ubicación ES-MaACL
Número de control de estantería A-13231
Designación de la unidad física v.2
itemnumber 200815
Sublocalización o colección R.150065
Ubicación en estantería Depósito 1
Signatura antigua Olim: N-6231
Donativo/Legado Donación: Carlos París
903 ## - NOMBRE PERSONAL DE DONANTE
a París, Carlos,
d 1925-2014
e Donante
q 1
9 89133
942 ## - ELEMENTOS DE ENTRADA SECUNDARIOS (KOHA)
Fuente del sistema de clasificación o colocación Clasificación decimal universal
Tipo de ítem Koha Libro impreso
Holdings
Estatus retirado Estado de pérdida Fuente del sistema de clasificación o colocación Estado de daño No para préstamo Biblioteca de origen Biblioteca actual Ubicación en estantería Fecha de adquisición Fuente de adquisición Enumeración/cronología de publicación seriada Total de préstamos Signatura topográfica completa Código de barras Visto por última vez Precio de reemplazo Tipo de ítem Koha
    Clasificación decimal universal     Biblioteca del Ateneo de Madrid Biblioteca del Ateneo de Madrid Depósito 1 17/01/2008 Donación v.1   A-13230 1170708 23/02/2023 23/02/2023 Libro impreso
    Clasificación decimal universal     Biblioteca del Ateneo de Madrid Biblioteca del Ateneo de Madrid Depósito 1 17/01/2008 Donación v.2   A-13231 101206051 07/11/2023 23/02/2023 Libro impreso